000 00404nam a2200181Ia 4500
001 24109
005 20260414151021.0
008 260414t1943||||xx |||||||||||||| ||spa||
041 _aESP
082 _a780.92
_bB81
100 _aBrancour, René
_eAUT
245 0 _aMassenet
_b
260 _c1943
300 _a189 páginas :
_c19 cm.
650 _aABD
654 _aCAU
942 _cLIB
_dJUS
_fJUS
_2ddc
_n
999 _c24109
_d24109